Moderní hrozby globálního terorizmu a perspektivy boje proti němu

Korene súčasného terorizmu, jeho najnebezpečnejšie hrozby (chemický, biologický, rádiologický a jadrový terorizmus). Medzinárodno-právne nástroje boja proti terorizmu. Korene a vývoj globálneho systému boja proti organizovanému zločinu a terorizmu. Hlavné udalosti vedúce k súčasnému systému OSN pre...

Descrizione completa

Salvato in:
Dettagli Bibliografici
Autore principale: Matoušek, Jiří
Natura: Capitolo di libro
Lingua:ceco
Soggetti:
Tags: Aggiungi Tag
Nessun Tag, puoi essere il primo ad aggiungerne!!

MARC

LEADER 00000naa a2200000 4500
001 r043464
005 20230927121320.4
041 0 |a cze 
044 |a CZ 
245 1 0 |a Moderní hrozby globálního terorizmu a perspektivy boje proti němu  |c Jiří Matoušek 
520 |a Korene súčasného terorizmu, jeho najnebezpečnejšie hrozby (chemický, biologický, rádiologický a jadrový terorizmus). Medzinárodno-právne nástroje boja proti terorizmu. Korene a vývoj globálneho systému boja proti organizovanému zločinu a terorizmu. Hlavné udalosti vedúce k súčasnému systému OSN pre boj s organizovaným zločinom. Úloha a funkcie protidrogového programu OSN. Centrum OSN pre prevenciu medzinárodného zločinu a jeho úloha. 
610 2 0 |a konflikty medzinárodné 
610 2 0 |a politika medzinárodná 
610 2 0 |a politika bezpečnostná 
610 2 0 |a zbrane 
610 2 0 |a drogy 
610 2 0 |a politika mierová 
610 2 0 |a náboženstvo 
610 2 0 |a boj politický 
610 2 0 |a terorizmus 
100 1 |a Matoušek, Jiří